| Поле | Инд. | ПП | Название | Значение |
|---|---|---|---|---|
| Тип записи | a | |||
| Библиографический уровень | m | |||
| 001 | Контрольный номер | 5b7f4695-81e7-4bc6-ad65-db095d7b682c | ||
| 005 | Дата корректировки | 20161117120102.2 | ||
| 008 | Кодируемые данные | 000601 d | ||
| 020 | a | ISBN | 5-7609-0011-0 | |
| c | Цена, тираж | 4000.00 | ||
| 040 | a | Служба первич. каталог. | НБ ТвГУ | |
| 041 | 0_ | a | Код языка текста | rus |
| 080 | a | Индекс УДК | 574(075.8) | |
| 084 | a | Индекс другой классификации/Индекс ББК | Б1я73-1 | |
| a | Индекс другой классификации/Индекс ББК | Е072.8я73-1 | ||
| 090 | x | Авторский знак | Б 20 | |
| a | Полочн. индекс | Б1 | ||
| 100 | 1_ | a | Автор | Балина Татьяна Константиновна |
| q | Полное имя | Балина Т. К. | ||
| 245 | 10 | a | Заглавие | Охрана природы (химическая экология) |
| b | Продолж. заглавия | учебное пособие | ||
| 250 | a | Основные сведения об издании | 2-е изд., расшир. | |
| 260 | 0_ | a | Место издания | Тверь |
| b | Издательство | Тверской государственный университет | ||
| c | Дата издания | 1995 | ||
| 300 | a | Объем | 83 с. | |
| b | Иллюстрации/ тип воспроизводства | ил. | ||
| 504 | a | Библиография | Библиогр.: с.82. | |
| 583 | a | Действие | Приписка 434 24.12.97 | |
| k | Исполнитель действия | РИО | ||
| 583 | a | Действие | Приписка 157 18.02.99 | |
| k | Исполнитель действия | РИО | ||
| 583 | a | Действие | Приписка 344 03.06.99 | |
| k | Исполнитель действия | Взамен утраченных | ||
| 583 | a | Действие | Приписка 638 01.12.99 | |
| k | Исполнитель действия | Взамен утраченных | ||
| 583 | a | Действие | Приписка 230 10.06.2002 | |
| k | Исполнитель действия | Взамен утраченных | ||
| 653 | 0_ | a | Ключевые слова | Загрязнение природы |
| a | Ключевые слова | Химическая экология | ||
| a | Ключевые слова | Охрана природы | ||
| a | Ключевые слова | Биогеохимия | ||
| a | Ключевые слова | Экология | ||
| a | Ключевые слова | Учебники для вузов | ||
| a | Ключевые слова | Труды Тверского государственного университета | ||
| 700 | 1_ | a | Другие авторы | Папулов Юрий Григорьевич |
| q | Полное имя | Папулов Ю. Г. | ||
| 700 | 1_ | a | Другие авторы | Зимин Ричард Алексеевич |
| q | Полное имя | Зимин Р. А. | ||
| 888 | a | Бесплатные | ||
| 901 | t | Тип документа | m | |
| 952 | p | 434 5000.00 1 691050 | ||
| p | 434 5000.00 1 691051 | |||
| p | 434 5000.00 1 691052 | |||
| p | 434 5000.00 1 691053 | |||
| p | 434 5000.00 1 691054 | |||
| p | 434 5000.00 1 691055 | |||
| p | 434 5000.00 1 691056 | |||
| p | 434 5000.00 1 691057 | |||
| p | 434 5000.00 1 691058 | |||
| p | 434 5000.00 1 691059 | |||
| p | 434 5000.00 1 691060 | |||
| p | 434 5000.00 1 691061 | |||
| p | 434 5000.00 1 691062 | |||
| p | 434 5000.00 1 691063 | |||
| p | 434 5000.00 1 691064 | |||
| p | 434 5000.00 1 691065 | |||
| p | 434 5000.00 1 691066 | |||
| p | 434 5000.00 1 691067 | |||
| p | 434 5000.00 1 691068 | |||
| p | 434 5000.00 1 691069 | |||
| p | 157.99 5.00 1 705537 | |||
| p | 157.99 5.00 1 705538 | |||
| p | 157.99 5.00 1 705539 | |||
| p | 157.99 5.00 1 705540 | |||
| p | 157.99 5.00 1 705541 | |||
| p | 157.99 5.00 1 705542 | |||
| p | 157.99 5.00 1 705543 | |||
| p | 157.99 5.00 1 705544 | |||
| p | 157.99 5.00 1 705545 | |||
| p | 157.99 5.00 1 705546 | |||
| p | 157.99 5.00 1 705547 | |||
| p | 157.99 5.00 1 705548 | |||
| p | 157.99 5.00 1 705549 | |||
| p | 157.99 5.00 1 705550 | |||
| p | 157.99 5.00 1 705551 | |||
| p | 157.99 5.00 1 705552 | |||
| p | 157.99 5.00 1 705553 | |||
| p | 157.99 5.00 1 705554 | |||
| p | 157.99 5.00 1 705555 | |||
| p | 157.99 5.00 1 705556 | |||
| p | 157.99 5.00 1 705557 | |||
| p | 157.99 5.00 1 705558 | |||
| p | 157.99 5.00 1 705559 | |||
| p | 157.99 5.00 1 705560 | |||
| p | 157.99 5.00 1 705561 | |||
| p | 157.99 5.00 1 705562 | |||
| p | 157.99 5.00 1 705563 | |||
| p | 157.99 5.00 1 705564 | |||
| p | 157.99 5.00 1 705565 | |||
| p | 157.99 5.00 1 705566 | |||
| p | 157.99 5.00 1 705567 | |||
| p | 157.99 5.00 1 705568 | |||
| p | 157.99 5.00 1 705569 | |||
| p | 157.99 5.00 1 705570 | |||
| p | 157.99 5.00 1 705571 | |||
| p | 157.99 5.00 1 705572 | |||
| p | 157.99 5.00 1 705573 | |||
| p | 157.99 5.00 1 705574 | |||
| p | 157.99 5.00 1 705575 | |||
| p | 157.99 5.00 1 705576 | |||
| p | 157.99 5.00 1 705577 | |||
| p | 157.99 5.00 1 705578 | |||
| p | 157.99 5.00 1 705579 | |||
| p | 157.99 5.00 1 705580 | |||
| p | 157.99 5.00 1 705581 | |||
| p | 157.99 5.00 1 705582 | |||
| p | 157.99 5.00 1 705583 | |||
| p | 157.99 5.00 1 705584 | |||
| p | 157.99 5.00 1 705585 | |||
| p | 157.99 5.00 1 705586 | |||
| p | 344.99 5.25 1 710485 | |||
| p | 638.99 5.25 1 716896 | |||
| p | 638.99 5.25 1 716897 | |||
| p | 638.99 5.25 1 716898 | |||
| p | 230.2002 5.00 1 747530 | |||
| c | Вид литературы | К ру | ||
| 954 | a | Дата поступления на обработку | 17.05.96 |